000 00763nam a2200229Ia 4500
001 7014
003 GE_BSU
008 181216s||||||||xx |||||||||||||| ||und||
040 _cGE_BSU
080 _a531.1/3(075.8)
100 _aБать,М.И. Джанелидзе,Г.Ю. Кельзон,А.С.
245 _aТеоретическая механика в примерах и задачах.Т.2. Динамика.
245 _bУчебное пособие.
245 _cПод. ред. Д.Р.Меркина.
250 _aИзд. седьмое, перераб.
260 _aМ.
260 _bНаука.
260 _c1985.
300 _a560стр.22см.
653 _aТеоретическая механика. Динамика.
942 _cBK
999 _c40406
_d40406